| 000 | 00485nam a2200133Ia 4500 | ||
|---|---|---|---|
| 005 | 20260209120150.0 | ||
| 008 | 260209s9999||||xx |||||||||||||| ||und|| | ||
| 100 | _aNeetu Singh | ||
| 245 | 0 | _aFrom field to the courts : sports violence and criminal liability | |
| 260 |
_aBangaloreBangalore _bNLSIU, Bangalore _c2023 - 2024 |
||
| 300 | _a37 p. ; 25 cm. | ||
| 700 | _aMs. Diya Deviah - SupervisorMs. Diya Deviah - Supervisor | ||
| 856 | _uhttps://dans.nls.ac.in/handle/123456789/2184 | ||
| 999 |
_c217688 _d217688 |
||